LEADER 00557oam 2200217z- 450 001 9910153430703321 005 20001027150615.0 010 $a88-15-30371-5 035 $a(CKB)3710000000961368 035 $a(EXLCZ)993710000000961368 100 $a20210505c2011uuuu -u- - 101 0 $aeng 200 13$aLa DC /$fMarco Follini 210 $cSocietā editrice il Mulino 311 $a88-15-07410-4 676 $a324.245/05 700 $aFollini$b Marco$f1954-$0167181 906 $aBOOK 912 $a9910153430703321 996 $aDC$9480912 997 $aUNINA